zpět

Detail výsledku týmu

Žlíbka Pub, Jevíčko

Datum a čas kvízu

37 Celkem bodů Celkový počet nahraných bodů na tomto kvízu bez doplňovacích otázek.
1. Pořadí na kvízu Konečné umístění týmu na tomto kvízu.

Zaznamenané odpovědi

# Otázka Odpověď Body Výsledky
1. Ředitel pražské zoologické zah... Miroslav Bobek 1
2. Ve které evropské metropoli se... v Kodani 0
3. U příležitosti narozenin jedné... Marta Kubišová 1
4. Od 1. října už není možné žáda... Superdávka 1
5. Ve kterém městě se odehrál UFC... v Las Vegas 0
6. Wikipedii s nejvyšší pravděpod... z havajštiny 1
7. Fanoušci kvízu občas jistě se... D 1
8. Dobrým zdrojem informací jsou... Jsi chytřejší než páťák? 0
9. Mnemotechnické pomůcky se hodí... struny na kytaře (pořadí strun/tónů) 1
10. Někdy však k úspěchu v kvízu s... 1B 2D 3A 4C 1